000 00426nam a2200157Ia 4500
003 GCL
008 140319s9999 xx 000 0 eng d
040 _aGCL /
_cGCL
082 0 4 _a620
_bW I
100 1 _aWRIGHT, PAUL H.
245 1 0 _aINTRODUCTION TO ENGINEERING /
_cWRIGHT, PAUL H.
260 _a[S.N] :
_bJOHN WILEY AND SONS. INC ،
_c1994
300 _a262 P
650 0 4 _aالتحليل الرياضى
942 _2ddc
_cBK
999 _c20114
_d20114